00280nam a2200097 a 450000500170000000800410001705000230005810000170008124500410009826000430013920140414131914.0100701s19uu xx 00 eng d aM 232.91bB83 1964 aBruce, Janer aThe life of the blessed virgin Mary. aNew York :bHerder and Herder,c1964.